000 03672nam a22003973i 4500
001 EBC30703401
003 MiAaPQ
005 20231009180513.0
007 cr cnu||||||||
008 231009s2023 xx o ||||0 eng d
020 _a9798887192529
_q(electronic bk.)
040 _aMiAaPQ
_beng
_cMiAaPQ
245 1 0 _aQueer(ing) Russian Art :
_bRealism, Revolution, Performance
_cedited by Brian James Baer ; Yevgeniy Fiks
250 _a1st ed.
264 1 _aBrighton :
_bAcademic Studies Press,
_c2023.
264 4 _c©2023.
300 _a1 online resource (504 pages)
336 _aText
_btxt
_2rdacontent
337 _aComputermedien
_bc
_2rdamedia
338 _aOnline Resource
_bcr
_2rdacarrier
500 _aE-Book-ProQuest / Fernzugriff nach Registrierung möglich
505 0 _aIntro -- Front Cover -- Half-Title Page -- Title Page -- Copyright Page -- Contents -- Acknowledgements -- Note on Transliteration -- Introduction -- Part One. Theoretical Framings -- 1. Between Semiotics and Phenomenology: The Problem of Queer Beauty -- Part Two. Queer Beauty in Context -- 2. "In Appearance, Both a Lad and Lass": Images of Androgyny in Eighteenth-Century Russian Art -- 3. The Queer Opacity of Alexander Ivanov's Nudes: Between Biblical Themes and Greek Love -- 4. Prostitutes, Pierrots, and Priapus: The Queer Modernism of Konstantin Somov -- 5. Modernism as the Uncanny of Stalinism: On Alexander Deineka's Wartime Drawings -- 6. Carnivalesque Carnality: The Queer Potential of Sergei Eisenstein's Homoerotic Drawings -- 7. Moscow Conceptualism's Erotic Objects -- 8. Queering Socialist Realism: The Case of Georgy Guryanov -- 9. A Russian Schizorevolution? Observations on the New Academy of Fine Arts and Queer Issues in the Late 1980s and Early 1990s -- 10. The Lure of Implied Transgression as Revolutionary Retrospective: The Illicit as la Belleza in Bella Matveeva's Art -- 11. Sexual and Gender Dissent in a Bipolar World: Georgy Guryanov and Vladislav Mamyshev-Monroe -- 12. "My Nationaliti Is My Sexuality": The Post-Soviet, Diasporic, Non-Russian Queerness of Babi Badalov -- Part Three. Beyond Queer Beauty? Contemporary Post-Soviet Perspectives on Queer(ing) Art, Art History, and Artists -- 13. Architecture, Outer Space, Sex: The Kollontai Commune in 1970s Frunze -- 14. Soviet Union, July 1991 -- 15. LGBT Violence and the Limits of Realism: Polina Zaslavskaya's Material Evidence -- 16. The Battle over Names: Radical Queer on the Russian Activist Art Scene -- 17. Queer in the Land of the Bolsheviks, or the Archeology of Dissent -- 18. A Queer (Re)claiming of Russian and Soviet Art: An Interview with Slava Mogutin.
505 8 _a19. "Queer and Russian Art?" A Conversation between Katharina Wiedlack and Masha Godovannaya -- 20. Queering Sexual Minorities: An Interview with Yevgeniy Fiks -- Back Cover.
520 _aStanding at the intersection of Visual Studies and Queer Studies, the volume Queer(ing) Russian Art: Realism, Revolution, Performance exposes and explores the queer imagery and sensibilities in works of visual art in pre-Soviet, Soviet and post-Soviet contexts and beneath the surface of conventional histories of Russian art.
650 7 _2gnd
_aSexualität
650 7 _2gnd
_aHomosexualität
_91221
650 7 _2gnd
_aLGBT
_98589
650 7 _2gnd
_aKunst
651 _2gnd
_aSowjetunion
655 4 _aElectronic books.
655 _aFernzugriff
_9230
700 1 _aBaer, Brian James.
_4edt
_eeditor
_927580
700 1 _aFiks, Yevgeniy.
_4edt
_eeditor
_927581
856 4 0 _uhttps://ebookcentral.proquest.com/lib/maxweberstiftung-ebooks/detail.action?docID=30703401
_zVolltext
942 _cEB
_2z
999 _c63520
_d63520